USA Presidents from New York - Statistics

General Stats
  • This quiz has been taken 36 times
  • The average score is 4 of 5
Answer Stats
Answer % Correct
Donald Trump
89%
Franklin D. Roosevelt
85%
Theodore Roosevelt
85%
Martin Van Buren
56%
Millard Fillmore
37%
No matching quizzes found
Score Distribution
Percent of People with Each Score
Percentile by Number Answered
Your Score History
You have not taken this quiz